عدة الحصن الحصين من كلام سيد المرسلين / (رقم التسجيلة. 41037)

تفاصيل مارك
000 -الفاتح
عناصر البيانات ثابتة الطول 00870cam a2200205 i 4500
005 - تاريخ ووقت آخر معاملة
حقل ضبط 20251223114518.0
008 - عناصر البيانات ثابتة الطول
عناصر البيانات ثابتة الطول 250721s2002 jo gr 000 0 ara d
082 14 - رقم تصنيف ديوي العشري
رقم التصنيف 218.32
رقم المادة ج و ز
100 1# - مدخل رئيسي – اسم شخصي
الاسم الشخصي إبن الجوزي، شمس الدين أبو الخير محمد
تواريخ خاصة بالشخص -833ه،
علاقة الشخص بالعمل/ دوره مؤلف.
245 10 - بيان العنوان
العنوان عدة الحصن الحصين من كلام سيد المرسلين /
بيان المسؤولية للشيخ الامام محمد بن الجزري الدمشقي ؛ تحقيق عكاشة عبد المنان.
250 ## - بيان الطبعة
بيان الطبعة الطبعه الاولى.
264 31 - بيانات النشر، التوزيع…إلخ
مكان النشر، التوزيع...إلخ عمان :
اسم الناشر، الموزع...إلخ مكتبة الإمام علي للنشر و التوزيع،
تاريخ النشر، التوزيع...إلخ 2002.
300 ## - الوصف المادي
عدد الوحدات المكونة للوعاء 119صفحة.
650 17 - مدخل إضافي بالموضوع - مصطلح موضوعي
مصطلح موضوعي أو اسم جغرافي كعنصر مدخل الحديث الشريف.
650 17 - مدخل إضافي بالموضوع - مصطلح موضوعي
مصطلح موضوعي أو اسم جغرافي كعنصر مدخل الدعاء.
650 17 - مدخل إضافي بالموضوع - مصطلح موضوعي
مصطلح موضوعي أو اسم جغرافي كعنصر مدخل الذكر.
700 1# - مدخل إضافي - اسم شخصي
الاسم الشخصي عبد المنان، عكاشه
علاقة الشخص بالعمل/ دوره تحقيق
942 ## - بيانات إضافية (كوها)
نوع التنصيف Dewey Decimal Classification
نوع المادة (كوها) كتب
المقتنيات
حالة السحب حالة الفقدان مصدر التصنيف حالة التلف غير قابل للإعارة المكتبة الرئيسية المكتبة الحالية موقع الرف تاريخ التزويد الرقم المتسلسل Total Checkouts رقم الإستدعاء الباركود تاريخ آخر ظهور تاريخ الفاتورة نوع المادة (كوها)
    Dewey Decimal Classification     المكتبة المركزية المكتبة المركزية الإعارة 06/07/2004 508835   218.32 / ج و ز 508835 28/07/2025 06/07/2004 كتب
    Dewey Decimal Classification     المكتبة المركزية المكتبة المركزية الإعارة 06/07/2004 508831   218.32 / ج و ز 508831 28/07/2025 06/07/2004 كتب
    Dewey Decimal Classification     المكتبة المركزية المكتبة المركزية مقتنيات قسم التزويد 28/07/2025 1759637   218.32/جوز   28/07/2025 28/07/2025 كتب
    Dewey Decimal Classification     مكتبة أبو علندا العامة مكتبة أبو علندا العامة الإعارة 06/07/2004 1040   218.32/جوز DUP-02_1040 28/07/2025 06/07/2004 كتب
    Dewey Decimal Classification     مكتبة أبو علندا العامة مكتبة أبو علندا العامة الإعارة 28/07/2025 508876   218.32/جوز 508876 28/07/2025 28/07/2025 كتب
    Dewey Decimal Classification     مكتبة أم قصير والمقابلين العامة مكتبة أم قصير والمقابلين العامة الإعارة 06/07/2004 508875   218.32/جوز 508875 28/07/2025 06/07/2004 كتب
    Dewey Decimal Classification     مكتبة الأميرة ايمان العامة مكتبة الأميرة ايمان العامة الإعارة 28/07/2025 508867   218.32/جوز 508867 28/07/2025 28/07/2025 كتب
    Dewey Decimal Classification     مكتبة حمزة العامة مكتبة حمزة العامة الإعارة 06/07/2004 508873   218.32/جوز 508873 28/07/2025 06/07/2004 كتب
    Dewey Decimal Classification     مكتبة صويلح العامة مكتبة صويلح العامة الإعارة 06/07/2004 508868   218.32/جوز 508868 28/07/2025 06/07/2004 كتب
Implemented & Customized by: BBB with SCIT (Smart Chains for Information Technology)

Powered by Koha